1980 1403 1495 1784 1041 1970 1020 1695 1041 1280 1093 1420 1430 1041 1076 1275 1116 1538 1263 1435 1442 1283 1401 1860 1363 1065 1219 1937 1391 1638 1763 1523 1591 1491 1383 1158 1332 1287 1419 1176 1287 1239 1728 1156 1153 1586 1708 1796 1170 1152 1213 1379 1752 1279 1814 1955 1698 1609 1369 1545 1559 1439 1240 1565 1522 1966 1027 1281 1011 1951 1016 1927 1098 1140 1299 1991 1817 1125 1665 1469 1407 1923 1779 1213 1765 1616 1069 1496 1077 1635 1322 1235 1056 1195 1050 1909 1098 1893 1036 BCNSPRNW ULIB Ver.6.0+V

เปลี่ยนเป็นภาษาไทย

Change to English
 แสดงรายละเอียดบรรณานุกรม
  กลับหน้าหลัก

Brief Record : Get Marc (ISO 2709) : E-mail record : QR code < ปิดหน้าต่าง
LEADER : 00000nas 2200000uu 4500
001    13399114001
003     ULIB
008    020711s|||| th a 000 0 tha d
022    ^a1513265X
110    ^aโรงพยาบาลยโสธร
245    ^aยโสธรเวชสาร
260    ^aยโสธร :^bโรงพยาบาลยโสธร,^cม.ป.ป.
310    ^aรายสี่เดือน
850    ^aฉบับที่ 2 ปีที่ 13;ฉบับที่ 2 ปีที่ 13 ฉ.2;ฉบับที่ 2 ปีที่ 13 ฉ.3;ฉบับที่ 3 ปีที่ 13;ฉบับที่ 3 ปีที่ 13 ฉ.2;ฉบับที่ 3 ปีที่ 13 ฉ.3;ฉบับที่ 1 ปีที่ 14;ฉบับที่ 1 ปีที่ 14 ฉ.2
945    ^p0^l0^i900112
945    ^p0^l0^i900113
945    ^p0^l0^i900114
945    ^p0^l0^i900350
945    ^p0^l0^i900351
945    ^p0^l0^i900352
945    ^p0^l0^i901005
945    ^p0^l0^i901006
รายการนี้ยังไม่มีแท็ก
คุณยังไม่ได้ล็อกอิน คุณสามารถมีกิจกรรมร่วมกับเว็บไซต์ได้ แต่ต้องล็อกอินก่อน ::
  ล็อกอิน

รายการสื่อสารสนเทศ (วารสาร)

ดูแบบ: กล่อง รายการ
ARRIVED
ฉบับที่ 2 ปีที่ 13
สถานที่: ห้องสมุดวิทยาเขตสวรรค์ประชารักษ์ >วารสาร
ARRIVED
ฉบับที่ 3 ปีที่ 13
สถานที่: ห้องสมุดวิทยาเขตสวรรค์ประชารักษ์ >วารสาร
ARRIVED
ฉบับที่ 1 ปีที่ 14
สถานที่: ห้องสมุดวิทยาเขตสวรรค์ประชารักษ์ >วารสาร
รายการใกล้เคียง
    ผู้แต่ง []

BibComment


ยังไม่เคยถูกคอมเมนท์

คอมเมนท์ทรัพยากรรายการนี้
  คอมเมนท์: ยโสธรเวชสาร


 Copyright 2026. Bcnsprnw @Library